Normal görünüm MARC görünümü

Giriş Personal Name

Kullanılan kayıt sayısı: 1

001 - CONTROL NUMBER

  • control field: 1447

003 - CONTROL NUMBER IDENTIFIER

  • control field: TR-AnSIH

005 - DATE AND TIME OF LATEST TRANSACTION

  • control field: 20241017060545.0

008 - FIXED-LENGTH DATA ELEMENTS

  • fixed length control field: 241017|| aca||aabn | a|a d

040 ## - CATALOGING SOURCE

  • Original cataloging agency: TR-AnSIH
  • Transcribing agency: TR-AnSIH

100 ## - HEADING--PERSONAL NAME

  • Personal name: Sancak, Mustafa

670 ## - SOURCE DATA FOUND

  • Source citation: Koha: (TR-AnSIH)7930: Arık, Metin 1444, Sorgulanan Uzay ve zaman /, 2019